Statistiques concernant Villes de France en 9 lettres - Carte Quiz

Cliquez ici pour prendre le quiz!

Statistiques générales

  • Ce quiz a été pris 296 fois
  • Le résultat moyen est 15 sur 20

Réponses sur la Carte

Les réponses sont colorées sur une échelle allant du rouge au vert en fonction du pourcentage des utilisateurs qui les ont devinées à leur premier essai. Vous pouvez retrouver ces pourcentages ci-dessous.
 

Statistiques - réponses

Réponse% Correct
Marseille
93%
Bonifacio
92%
Perpignan
90%
Dunkerque
89%
Saint-Malo
89%
Deauville
80%
Quimperlé
78%
Montreuil
75%
Périgueux
75%
Rochefort
75%
Compiègne
74%
Angoulême
73%
Montauban
73%
Montluçon
71%
Annemasse
70%
Wattrelos
67%
Granville
64%
Montargis
63%
Abbeville
59%
Lunéville
56%

Distribution des résultats

Percentile par nombre de réponses

% des personnes avec chaque résultat

Votre développement - résultats

Vous n’avez pas pris ce quiz